000 00262nam a22001097a 4500
020 _a9788126519972
082 _a005.133
_bSHU/DA
100 _aShukla, Rajesh K
245 _aData structures using C and C++
260 _aNew Delhi
_bWiley India
_c2012
942 _cBK
999 _c13953
_d13953